| 000 | 00655nam a2200193 i 4500 | ||
|---|---|---|---|
| 001 | bgj | ||
| 100 | 1 | _aKRZYŻANOWSKI, Henryk | |
| 245 | 1 | 0 |
_a100 [sto] testów z gramatyki angielskiej : _bprzewodnik dla maturzystów, olimpijczyków i kandydatów na studia filologiczne / _cHenryk Krzyżanowski. |
| 260 |
_aWarszawa : _bWydawnictwa Szkolne PWN, _c2001. |
||
| 300 |
_a285, [1] pp ; _c24 cm. |
||
| 505 | _aIncludes keys. | ||
| 650 | 9 |
_aEnglish language _xExaminations, questions, etc. |
|
| 020 | _a8371951108 (pbk) | ||
| 040 | _cBPK | ||
| 041 | 0 |
_apol _aeng |
|
| 920 | _a83-7195-110-8 (pbk) | ||
| 942 | _cKS | ||
| 008 | s pl f |000 0 pol | ||
| 999 |
_c48631 _d48631 |
||
| 856 |
_uhttp://koha.tu.koszalin.pl/cgi-bin/koha/opac-detail.pl?biblionumber=48631 _yKatalog online BPK |
||